Audit and Accounting Considerations on Cryptoassets and Related Transactions
Rámec kryptomien pre plánovanie auditu a zhromažďovanie audítorských dôkazov na podporu tvrdení manažmentu týkajúcich sa ich finančných výkazov.
Enregistré dans:
| Auteur principal: | |
|---|---|
| Autres auteurs: | |
| Format: | Chapitre de livre |
| Langue: | anglais |
| Sujets: | |
| Tags: |
Pas de tags, Soyez le premier à ajouter un tag!
|
MARC
| LEADER | 00000naa a2200000 4500 | ||
|---|---|---|---|
| 001 | 0272276 | ||
| 005 | 20210303122411.7 | ||
| 041 | 0 | |a eng | |
| 044 | |a UA | ||
| 245 | 1 | 0 | |a Audit and Accounting Considerations on Cryptoassets and Related Transactions |c Alla Ozeran, Nadiia Gura |
| 520 | |a Rámec kryptomien pre plánovanie auditu a zhromažďovanie audítorských dôkazov na podporu tvrdení manažmentu týkajúcich sa ich finančných výkazov. | ||
| 610 | 2 | 0 | |a výkazy finančné |
| 610 | 2 | 0 | |a mena virtuálna |
| 610 | 2 | 0 | |a audit |
| 610 | 2 | 0 | |a kontrola vnútorná |
| 610 | 2 | 0 | |a účtovanie |
| 100 | 1 | |a Ozeran, Alla | |
| 700 | 1 | |a Gura, Nadiia | |